header

Days of glory (Record no. 90917)

MARC details
000 -LEADER
fixed length control field 01437nam a2200349Ia 4500
100 1# - MAIN ENTRY--AUTHOR NAME
Personal name Daniel, Larry J.,
245 10 - TITLE STATEMENT
Title Days of glory
250 ## - EDITION STATEMENT
Edition statement Louisiana pbk ed.
260 ## - PUBLICATION, DISTRIBUTION, ETC. (IMPRINT)
Place of publication Baton Rouge :
Name of publisher Louisiana State University Press,
Year of publication 2007, c2006.
300 ## - PHYSICAL DESCRIPTION
Number of Pages xviii, 490 p. :
Other physical details ill., maps, ports.
856 40 - ELECTRONIC LOCATION AND ACCESS
Uniform Resource Identifier http://site.ebrary.com/lib/rucke/Doc?id=10554054

No items available.

© 2026 Rongo University
Contact us: librarian | system librarian | Rongo university